000 00476nam a2200193Ia 4500
003 GCL
008 140319s9999 xx 000 0 eng d
040 _aGCL /
_cGCL
082 0 4 _a843
_bI G
100 1 _aGIRAUDOUX, JEAN
245 1 0 _aINTERMEZZO /
_cGIRAUDOUX, JEAN
260 _a[S.N] :
_bBERNARD GRASSET ،
_c1994
300 _a192 P
490 _aLE LIVRE DE POCHE
_v0
650 0 4 _aLITERATURE
650 0 4 _aTHEATER
650 0 4 _aFRENCH LITERATURE
942 _2ddc
_cBK
999 _c23045
_d23045